Fundamentos de investigación (Registro nro. 13276)

Detalles MARC
000 -Cabecera
Campo de control interno 01093nam a2200229Ia 4500
005 - Fecha y hora del registro
control field 20260414154909.0
008 - Elementos de Longitud Fija
fixed length control field 260306t2017||||xx |||||||||||||| ||spa||
041 ## - Idioma
Codigo Idioma ESP
082 ## - DEWEY y NOTACIÓN INTERNA
Dewey 001.42
Notación Interna H45F
100 ## - AUTOR
Autor denominación Hernández Sampieri, Roberto
Término de relación autor
245 #0 - TÍTULO DE MATERIAL BIBLIOGRÁFICO
Título Fundamentos de investigación
260 ## - CIUDAD, EDITORIAL, AÑO
Año 2017
300 ## - DESCRIPCIÓN
N° Páginas xiii, 265 páginas :
Dimensiones 27 cm.
650 ## - TEMAS
Temas Generalidades
654 ## - PROGRAMAS
Programa Dpto. de Humanidades
856 ## - URL - UBICACIÓN
URI/URL: Enlace exacto del recurso <a href="https://0u213wf4p-y-https-ebooks7--24-com.itmsp.museknowledge.com/?il=43438&pg=s9ml/chapter01/untitled_page.xhtml#data-uuid-d5be0dff9bb4404fa576f88b8d5372a6">https://0u213wf4p-y-https-ebooks7--24-com.itmsp.museknowledge.com/?il=43438&pg=s9ml/chapter01/untitled_page.xhtml#data-uuid-d5be0dff9bb4404fa576f88b8d5372a6</a>
Nota pública: Versión digital <a href="Versión digital (2025)">Versión digital (2025)</a>
856 ## - URL - UBICACIÓN
URI/URL: Enlace exacto del recurso <a href="https://0u213wf5i-y-https-ebooks7--24-com.itmsp.museknowledge.com/biblioteca.aspx">https://0u213wf5i-y-https-ebooks7--24-com.itmsp.museknowledge.com/biblioteca.aspx</a>
Nota pública: Versión digital <a href="Véase además: Base de datos Ebook7-24">Véase además: Base de datos Ebook7-24</a>
856 ## - URL - UBICACIÓN
URI/URL: Enlace exacto del recurso <a href="https://0u20fwf5l-y-https-research-ebsco-com.itmsp.museknowledge.com/c/qxo6us/search">https://0u20fwf5l-y-https-research-ebsco-com.itmsp.museknowledge.com/c/qxo6us/search</a>
Nota pública: Versión digital <a href="Véase además: Base de datos EBSCOhost">Véase además: Base de datos EBSCOhost</a>
856 ## - URL - UBICACIÓN
URI/URL: Enlace exacto del recurso <a href="https://0u20vwerb-y-https-ebookcentral-proquest-com.itmsp.museknowledge.com/lib/catolicasp/home.action">https://0u20vwerb-y-https-ebookcentral-proquest-com.itmsp.museknowledge.com/lib/catolicasp/home.action</a>
Nota pública: Versión digital <a href="Véase además: Base de datos ProQuest Ebook Central">Véase además: Base de datos ProQuest Ebook Central</a>
942 ## - ELEMENTOS DE KOHA
Tipo de documento Libro
Nombre del creador Justo Noguera
Código de catalogador Justo Noguera
Esquema de clasificación Dewey Decimal Classification
Existencias
Codigo completo Registro Colección Copia número Disponibilidad Tipo de préstamo Biblioteca Actual Procedencia (Biblioteca) Ubicacón Fecha Ingreso Tipo de Adquisición Date last seen Total checkouts Price effective from Tipo de Item Estado del Material Fuente de Clasificación Damaged status Withdrawn status
001.42 H45F 1056064 Universidad Católica San Pablo 1 Disponible Disponible Víctor Andrés Belaunde Víctor Andrés Belaunde Segundo piso 03/06/2026 Compra 06/03/2026   06/03/2026 Libro Bueno Dewey Decimal Classification    
001.42 H45F 1068771 Universidad Católica San Pablo 2 Disponible Disponible Víctor Andrés Belaunde Víctor Andrés Belaunde Segundo piso 08/04/2026 Compra 08/04/2026   08/04/2026 Libro Bueno Dewey Decimal Classification